| 000 | 01111nam a2200265Ia 4500 | ||
|---|---|---|---|
| 003 | OSt | ||
| 005 | 20220923211209.0 | ||
| 006 | a|||||r|||| 00| 0 | ||
| 007 | ta | ||
| 008 | 220922b |||||||| |||| 00| 0 hin d | ||
| 020 |
_a9788121404460 (hbk) _c625 |
||
| 024 | _a324,891 | ||
| 037 |
_b1294, 13/03/2018, Akshar Publishers & Distributors _cTextual |
||
| 040 |
_aARTS _cARTS _bhin |
||
| 041 |
_2hin _ahin |
||
| 082 | _aY:1.693, 152Q7 | ||
| 100 |
_aप्रहलाद रामशरण, ले. _9159469 |
||
| 245 | 0 | _aमॉरिशसीय संस्कृति और एक साहित्यकार की आस्था | |
| 246 | _aMaॉrishasīya sanskṛuti aur ek sāhityakār kī āsthā | ||
| 260 |
_aनई दिल्ली _b नेशनल पब्लिशिंग हाउस _c2017 |
||
| 300 |
_a232पृ. _ccm. |
||
| 650 |
_aमॉरिशस साहित्य _9156264 |
||
| 942 |
_hY:1.693, 152Q7 _cTEXL _2CC |
||
| 999 |
_c296691 _d296691 |
||